15 Most Populated Cities In Canada - Statistics

General Stats
  • This quiz has been taken 34 times
  • The average score is 11 of 15
Answer Stats
Rank Province Population City % Correct
2 Quebec 3,519,595 Montreal
100%
1 Ontario 5,429,524 Toronto
100%
3 British Columbia 2,264,823 Vancouver
100%
4 Alberta 1,237,656 Calgary
93%
5 Alberta 1,062,643 Edmonton
93%
6 Ontario 989,657 Ottawa
86%
8 Quebec 705,103 Quebec City
86%
13 Nova Scotia 316,701 Halifax
83%
7 Manitoba 711,925 Winnipeg
83%
11 Ontario 383,437 London
69%
12 British Columbia 335,696 Victoria
66%
9 Ontario 747,545 Hamilton
55%
15 Ontario 287,069 Windsor
48%
10 Ontario 535,154 Kitchener–Waterloo–Cambridge
38%
14 Ontario 308,875 Oshawa
17%
No matching quizzes found
Score Distribution
Percent of People with Each Score
Percentile by Number Answered
Your Score History
You have not taken this quiz